World cup 1930 teams - Statistics

General Stats
  • This quiz has been taken 615 times
  • The average score is 10 of 13
Answer Stats
Hint Answer % Correct
GROUP 3 Uruguay
97%
GROUP 2 Brazil
96%
GROUP 1 Argentina
95%
GROUP 4 United States
93%
GROUP 1 France
89%
GROUP 1 Mexico
85%
GROUP 1 Chile
82%
GROUP 3 Peru
73%
GROUP 2 Yugoslavia
73%
GROUP 4 Paraguay
71%
GROUP 2 Bolivia
68%
GROUP 4 Belgium
64%
GROUP 3 Romania
56%
No matching quizzes found
Score Distribution
Percent of People with Each Score
Percentile by Number Answered
Your Score History
You have not taken this quiz